000 00186nam a22000977a 4500
020 _a9788190964616
082 _aK760
245 _aCHHOTA BHEEM 2 BABBAN SHER
300 _a32P
942 _cBK
999 _c1996
_d1996